000 00531nam a2200169Ia 4500
008 090711s9999 xx 000 0 und d
082 _b63416
100 _aघैसास दिवाकर अ.
245 _aमहाभारत
260 _bजगदीश्र्वर बुक डेपो
_c1988
300 _a420
600 _aघैसास दिवाकर अ.
630 _aमहाभारत
700 _aघैसास दिवाकर अ.
730 _aमहाभारत
942 _cBOOK
999 _c325918
_d325918